| 000 | 00869nam1a22002891i 4500 | ||
|---|---|---|---|
| 001 | v19\rc\1393518 | ||
| 005 | 20240723124232.0 | ||
| 035 | _a(NLR Aleph) 004525300 | ||
| 090 |
_a4908514 _c4908514 |
||
| 100 | _a20060512g18691871|||y0rusy50 ca | ||
| 101 | 0 | _arus | |
| 102 | _aRU | ||
| 105 | _ay z ||||| | ||
| 200 | 1 |
_aНачальная алгебра _f[Соч.] Д. Гика. Ч. 1-2 |
|
| 210 |
_aМосква _cУнив. тип. (Катков и К°) _d1869-1871 |
||
| 215 |
_a2 т. _d20 |
||
| 700 | 1 |
_aГика _bД.К. _f1842-1901 _gДмитрий Константинович |
|
| 801 | 0 |
_aRU _bNLR _gpsbo |
|
| 801 | 0 |
_aRU _bRuMoRGB _2psbo |
|
| 801 | 1 |
_aRU _bProSoft-M _2rusmarc |
|
| 852 |
_aNLR _j18.44.6.36 |
||
| 852 |
_aNLR _bМф _jК1/21342 |
||
| 899 |
_aRuMoRGB _jE 69/287 |
||
| 899 |
_aRuMoRGB _jJ 84/79 |
||
| 899 | _aБАН | ||
| 899 | _aНБ МГУ | ||
| 942 | _cBOOK | ||